000 00729nam a2200193Ia 4500
005 20250508153355.0
008 008 250505s9999 xx 000 0 eng d
037 _aTextual
040 _aFEDL
_beng
_cFEDL
041 _aeng
_2eng
084 _a371.9, MAC
_qFEDL
100 _aMackie Romaine P
_9763808
245 0 _aTeachers of children who are socially and emotionally maladjusted: A report based on findings from the study "Qualification and preparation of teachers of exceptional children"
260 _aWashington, USA
_bU.S. Government Printing Office
_c1957
300 _axi,91p.
700 _a Kvaraceus William C Williams Harold M
_9763809
942 _cTEXL
_h371.9, MAC
999 _c1342399
_d1342399